000
00272nam a2200109Ia 4500
008
200302s9999 xx 000 0 und d
100
_a
Mc Ginn and Davis
245
_a
Build a Mill, Build a City, Build a School
260
_b
The Mit Press
260
_c
1969
300
_a
334 P.,
999
_c
417
_d
417